00644nam a2200229 a 450000100060000000300080000600500170001400800410003102000150007203500200008704000320010704100080013908200270014710000390017424500680021326000270028130000220030850000200033050400290035065000210037965000140040046864BD-RjUL20211209054224.0160804s1968 enk b 001 0 eng d a0571087329 a(BD-RjUL) 46983 aDLCcDLCdEQOdBD-RjULbeng aeng a340.0954223bDER 19681 aDerrett, J. Duncan M.,d1922-2012.10aReligion, law and the state in India /cby J. Duncan M. Derrett aLondon :bFaber,c1968 a3-615 p. ;c23 cm aIncludes Index. aBibliography: p. 561-572 0aReligion and law 0aHindu law